000
00349nam a22001577a 4500
005
20160629135141.0
008
160629b xxu||||| |||| 00| 0 eng d
041
_a
eng
082
_b
11039
100
_a
Banerjee U. B. and AB
_9
3193
245
_a
Kadambari
260
_b
Sanskrit Books
300
_a
102
650
_a
Management
_9
241
942
_c
BK
999
_c
4690
_d
4688